Los simuladores
La serie está basada en un grupo de cuatro socios o colegas que se dedican al negocio de la simulación, operando desde el año 1989 y resolviendo los problemas y necesidades de sus clientes mediante lo que ellos denominan "operativos de simulacro", que suelen consistir en engañar a quienes...
Guardado en:
| Autor Principal: | |
|---|---|
| Autor Corporativo: | |
| Otros Autores: | , , , , , |
| Formato: | |
| Idioma: | Undetermined |
| Publicado: |
Argentina :
Telefe,
2002.
|
| Series: | Temporada 1
|
| Materias: | |
| Etiquetas: |
Agregar Etiqueta
Sin Etiquetas, Sea el primero en etiquetar este registro!
|
| LEADER | 01807ngm a22003255a 4500 | ||
|---|---|---|---|
| 001 | CEM.cems020202 | ||
| 008 | 230614s2002####xx#---############vlund#d | ||
| 005 | 20230614203309.0 | ||
| 245 | 1 | 0 | |a Los simuladores |h [videograbación] / |c Damián Szifron. |
| 260 | |a Argentina : |b Telefe, |c 2002. | ||
| 300 | |a 50'. | ||
| 490 | 1 | |a Temporada 1 | |
| 520 | |a La serie está basada en un grupo de cuatro socios o colegas que se dedican al negocio de la simulación, operando desde el año 1989 y resolviendo los problemas y necesidades de sus clientes mediante lo que ellos denominan "operativos de simulacro", que suelen consistir en engañar a quienes generan los problemas de sus clientes, ya fueran jefes, criminales, esposas, viudas, comerciantes inescrupulosos, etcétera. | ||
| 590 | |a Identificación anterior: 71 | ||
| 538 | |a Soporte: DVD -- Formato: AVI Peso: 4.33gb -- Resolución: 320 x 240 -- 25fps | ||
| 505 | 0 | |a 01. Tarjeta de Navidad -- 02. Diagnóstico rectoscópico -- 03. Seguro de desempleo -- 04. El testigo español -- 05. El joven simulador -- 06. El pequeño problema del gran hombre -- 07. Fuera de cálculo -- 08. El pacto Copérnico -- 09. El último héroe -- 10. Los impresentables -- 11. El colaborador foráneo -- 12. Marcela & Paul -- 13. Un trabajo involuntario | |
| 100 | 1 | |a Szifron, Damián. | |
| 700 | 1 | |a Malajovich, Gustavo; Guion. | |
| 700 | 1 | |a Vega, Patricio; Guion. | |
| 700 | 1 | |a Peretti, Diego; Guion y reparto. | |
| 700 | 1 | |a D'Elía, Federico; Reparto. | |
| 700 | 1 | |a Fiore, Alejandro; Reparto. | |
| 700 | 1 | |a Seefeld, Martín; Reparto. | |
| 710 | 2 | |a Telefe. | |
| 653 | |a SERIE | ||
| 653 | |a FICCIÓN | ||
| 653 | |a COMEDIA DRAMÁTICA | ||
| 653 | |a SUSPENSO | ||
| 653 | |a TELEVISIÓN | ||
| 859 | |a CEMS |b BIB. CEMS - Depto. Recursos Didacticos |h 778.5 |i SZI |k DRD |p 3029.23 |t Ej.1 | ||
